00390nam a2200121Ia 4500008004100000041000800041100001400049245005000063260001900113650001500132999001900147952010200166231219s9999 xx 000 0 und d aeng aR.L.Mills aStatictics for Applied Economics and Business bM.G.H Newyork  aManagement c975223d975223 00104070aMCMbMCMd2023-12-21g122.00l0pMCM-56BB0001020r2023-12-21 00:00:00w2023-12-21yBK